000 00330nam a2200133Ia 4500
005 20260328101508.0
008 260328s9999||||xx |||||||||||||| ||und||
100 _aFrancastel, Pierre
245 0 _aArt et technique /
_cPierre Francastel
260 _bLes Editions de Minuit
300 _a307 p.
650 _aHISTORIA
942 _cBK
999 _c9108
_d9108